000 00603nam a2200193 i 4500
001 146883
003 ES-MaACL
007 t|
008 070919s1983 sp ||||1| spa d
100 1 _aTrocme, Hélène.
_9111476
245 1 4 _aLos americanos y su arquitectura /
_cHélène Trocme ; traducción de Pilar Calvo.
260 _aMadrid :
_bCátedra,
_c1983.
300 _a216 p. :
_bil. ;
_c18 cm.
490 1 _aCuadernos Arte Cátedra
700 1 _aCalvo, Pilar.
_933860
830 0 _aCuadernos arte Cátedra
_9181519
852 _aES-MaACL
_jL-5438
_bR.105902
999 _c146883
_d146883